[Event "Chigorin Memorial 2019"]
[Site "St Petersburg RUS"]
[Date "2019.10.05"]
[Round "1.94"]
[White "Tsoi, Matvey"]
[Black "Bulavin, Alexander"]
[Result "0-1"]
[BlackTitle "FM"]
[WhiteElo "1774"]
[BlackElo "2256"]
[WhiteFideId "54108802"]
[BlackFideId "4178033"]
[EventDate "2019.10.05"]

1. d4 e6 2. Nf3 b5 3. e3 a6 4. a4 b4 5. c4 c5 6. b3 Nf6 7. Bb2 Bb7 8. Nbd2 Be7
9. Bd3 d6 10. O-O Nbd7 11. Qc2 h6 12. Rad1 Qc7 13. e4 e5 14. d5 Nf8 15. g3 Bc8
16. Nh4 g6 17. f4 Bh3 18. Ng2 Ng4 19. Rde1 Nd7 20. Nf3 Bf6 21. fxe5 Ndxe5 22.
Nxe5 Bxe5 23. Be2 Bxg2 24. Bxg4 Bxf1 25. Bxe5 dxe5 26. Rxf1 h5 27. Bh3 h4 28.
Rf6 Qe7 29. Rf3 hxg3 30. Rxg3 a5 31. Qf2 Ra6 32. Rf3 Rh7 33. Qg3 Rf6 34. Rxf6
Qxf6 35. Qg4 Kf8 36. Qc8+ Kg7 37. Bg2 Qf4 38. h3 Qe3+ 39. Kh2 Rh5 40. Qg4 Qxb3
41. d6 Qd3 42. d7 b3 0-1

[Event "Chigorin Memorial 2019"]
[Site "St Petersburg RUS"]
[Date "2019.10.05"]
[Round "1.95"]
[White "Dimitrova, Aleksandra"]
[Black "Kiselev, Viktor"]
[Result "1-0"]
[WhiteTitle "WIM"]
[WhiteElo "2241"]
[BlackElo "1773"]
[WhiteFideId "24173371"]
[BlackFideId "24119075"]
[EventDate "2019.10.05"]

1. e4 c5 2. Nf3 Nc6 3. d4 cxd4 4. Nxd4 e6 5. Nc3 Bc5 6. Ndb5 d6 7. Be3 Bb4 8. a3
Bxc3+ 9. Nxc3 a6 10. Qd2 Nge7 11. O-O-O O-O 12. Qxd6 Qxd6 13. Rxd6 b5 14. Be2 h6
15. f4 Re8 16. Rhd1 Rb8 17. Bc5 Bb7 18. Rd7 Ba8 19. Rc7 Rbc8 20. Rxc8 Rxc8 21.
g3 Kf8 22. a4 b4 23. Bxa6 Rb8 24. Nb5 b3 25. cxb3 Na5 26. Bb4 Nc6 27. Bc3 f6 28.
Nc7 Kf7 29. Bc4 Nd8 30. Nxa8 Rxa8 31. f5 Rc8 32. fxe6+ Kg6 33. Rd7 Nec6 34. e7
Nf7 35. e8=Q Rxe8 36. Bxf7+ 1-0

[Event "Chigorin Memorial 2019"]
[Site "St Petersburg RUS"]
[Date "2019.10.05"]
[Round "1.96"]
[White "Nuritdinov, Nizomitdin"]
[Black "Kovalev, Vitaly"]
[Result "1-0"]
[WhiteElo "1771"]
[BlackElo "2240"]
[WhiteFideId "34177245"]
[BlackFideId "24120588"]
[EventDate "2019.10.05"]

1. d4 g6 2. g3 Bg7 3. Bg2 d6 4. e4 Nc6 5. c3 e5 6. Ne2 Nf6 7. O-O O-O 8. h3 Nd7
9. f4 f5 10. fxe5 dxe5 11. d5 Ne7 12. Bg5 Nf6 13. Nd2 h6 14. Bxf6 Bxf6 15. Qb3
Kh7 16. Rad1 Bg7 17. c4 fxe4 18. Nxe4 Nf5 19. c5 b6 20. g4 Nh4 21. Rxf8 Qxf8 22.
Rf1 Qg8 23. Bh1 Ba6 24. Rf2 Rf8 25. Qe3 Bxe2 26. Qxe2 Kh8 27. Rxf8 Qxf8 28. Qf2
Qd8 29. d6 cxd6 30. cxd6 Kg8 31. Qc2 Qd7 32. Qc7 Qa4 33. Qd8+ Bf8 34. Qxh4 Qd1+
35. Kh2 g5 36. Qf2 Bxd6 37. Qd2 Qxd2+ 38. Nxd2 e4+ 39. Kg1 Bc5+ 40. Kf1 e3 41.
Nc4 b5 42. Na3 a6 43. Ke2 Kf7 44. Nc2 Kf6 45. Nxe3 Ke5 46. Nf5 h5 47. Ne3 h4 48.
Kf3 Kd4 49. Ke2 Ke5 50. a3 a5 51. Bc6 b4 52. a4 Kf4 53. Nf1 Bd4 54. b3 Bc5 55.
Kd3 Bb6 56. Kc4 Bd8 57. Kb5 Bc7 58. Kc4 Bd8 59. Kd5 Be7 60. Ke6 Bd8 61. Kf7 Bc7
62. Kg6 Bd8 63. Kh5 Bc7 64. Nd2 Bd6 65. Nf3 Bc7 66. Nd4 Ke5 67. Nf5 Bd8 68. Nh6
Kf6 69. Nf5 Ke5 70. Kg6 Kf4 71. Bd5 Ke5 72. Bc6 Kf4 73. Kh6 Ke5 74. Nxh4 Kd6 75.
Bb5 1-0

[Event "Chigorin Memorial 2019"]
[Site "St Petersburg RUS"]
[Date "2019.10.05"]
[Round "1.97"]
[White "Ilyasli, Ughur"]
[Black "Laukhina, Margarita A."]
[Result "1-0"]
[WhiteTitle "CM"]
[WhiteElo "2243"]
[BlackElo "1770"]
[WhiteFideId "13416197"]
[BlackFideId "54192730"]
[EventDate "2019.10.05"]

1. d4 Nf6 2. c4 g6 3. Nc3 Bg7 4. e4 d6 5. Nge2 O-O 6. Ng3 e5 7. d5 a5 8. Be2 Na6
9. h4 c6 10. h5 Nc7 11. Bg5 Nce8 12. Qb3 Qc7 13. Rc1 Bd7 14. Na4 c5 15. Nb6 Ra6
16. Nxd7 Qxd7 17. a4 Qc8 18. Rh4 Qc7 19. Qf3 Qd7 20. b3 Qc7 21. Kd2 Rb6 22. Kc2
Ra6 23. Rch1 Ra8 24. Nf5 gxf5 25. h6 Nxe4 26. hxg7 Nxg7 27. Bh6 f6 28. Bxg7 Ng5
29. Qxf5 Qxg7 30. Rh6 Rae8 31. f3 b6 32. g3 Re7 33. Bd1 Rff7 34. Kb1 Qh8 35. f4
exf4 36. gxf4 Ne4 37. Rg1+ Kf8 38. Bh5 Nc3+ 39. Kb2 Ne2 40. Bxf7 Nxg1 41. Rxh7 1-0

[Event "Chigorin Memorial 2019"]
[Site "St Petersburg RUS"]
[Date "2019.10.05"]
[Round "1.98"]
[White "Golovanskikh, Dmitriy"]
[Black "Silich, Yahor"]
[Result "0-1"]
[BlackTitle "FM"]
[WhiteElo "1764"]
[BlackElo "2131"]
[WhiteFideId "54123178"]
[BlackFideId "13513656"]
[EventDate "2019.10.05"]

1. d4 Nf6 2. Bf4 g6 3. e3 d6 4. Nf3 Bg7 5. h3 O-O 6. Bc4 Nc6 7. O-O Nd7 8. c3 e5
9. Bg5 Bf6 10. Bxf6 Qxf6 11. Nbd2 Kg7 12. a4 Qe7 13. dxe5 Ncxe5 14. Be2 Nc5 15.
Nxe5 dxe5 16. b4 Nd7 17. a5 a6 18. e4 Nf6 19. Qc2 Be6 20. Bc4 Bd7 21. Be2 Bc6
22. Bf3 h5 23. Nc4 Bb5 24. Be2 Bc6 25. Bf3 Nh7 26. Be2 Ng5 27. f3 h4 28. Ne3 Ne6
29. Bc4 Nf4 30. Bd5 Qg5 31. Bxc6 Nxh3+ 32. Kh1 Qxe3 33. Rae1 Qg5 34. gxh3 bxc6
35. Rg1 Qf4 36. Qe2 Rfd8 37. Rg4 Qh6 38. f4 exf4 39. Qf2 Rd3 40. Rxh4 Rxh3+ 41.
Rxh3 Qxh3+ 42. Kg1 Qxc3 0-1

[Event "Chigorin Memorial 2019"]
[Site "St Petersburg RUS"]
[Date "2019.10.05"]
[Round "1.100"]
[White "Karmanova, Olga Dm."]
[Black "Tsaruk, Maksim"]
[Result "0-1"]
[WhiteElo "1768"]
[BlackElo "2230"]
[WhiteFideId "24215333"]
[BlackFideId "13511173"]
[EventDate "2019.10.05"]

1. c4 e5 2. a3 Nf6 3. e3 g6 4. Qc2 Bg7 5. d3 O-O 6. b4 d5 7. cxd5 Nxd5 8. Bb2 a5
9. bxa5 Rxa5 10. Nf3 Nb6 11. Nbd2 Qe7 12. Be2 Rc5 13. Qd1 Rb5 14. Qc2 Rxb2 15.
Qxb2 e4 16. Nd4 exd3 17. Bxd3 N8d7 18. Rb1 c5 19. Nf5 gxf5 20. Qc2 Nd5 21. Bxf5
N7f6 22. O-O Rd8 23. Bxc8 Rxc8 24. Rb5 Rc7 25. Rc1 Nd7 26. Qb3 N7f6 27. Rb1 b6
28. e4 c4 29. Nxc4 Qxe4 30. Nd2 Qc2 31. Qxc2 Rxc2 32. Ne4 Nxe4 33. Rxd5 Bb2 34.
Rb5 Bd4 35. R5b4 Bxf2+ 36. Kh1 f5 37. h3 Bc5 38. Ra4 Kf7 39. Ra7+ Kg6 40. a4 Ra2
41. Rc1 f4 42. a5 f3 0-1

[Event "Chigorin Memorial 2019"]
[Site "St Petersburg RUS"]
[Date "2019.10.05"]
[Round "1.101"]
[White "Azimov, Ilyas"]
[Black "Makshanov, Matvey"]
[Result "1-0"]
[WhiteElo "2229"]
[BlackElo "1753"]
[WhiteFideId "24175226"]
[BlackFideId "24218081"]
[EventDate "2019.10.05"]

1. e4 e5 2. Nf3 Nc6 3. c3 d5 4. Bb5 dxe4 5. Nxe5 Qd5 6. Qa4 Ne7 7. Nxc6 bxc6 8.
Be2 Bd7 9. O-O Ng6 10. Re1 Be7 11. Bf1 Bf5 12. c4 Qd6 13. Nc3 O-O 14. Nxe4 Qd7
15. d3 Ne5 16. Bf4 f6 17. Rad1 h5 18. d4 Ng6 19. Bc1 Bxe4 20. Rxe4 f5 21. Ree1
f4 22. d5 f3 23. Qxc6 Qxc6 24. dxc6 Bc5 25. g3 h4 26. Rd5 Bb4 27. Red1 hxg3 28.
hxg3 Ne7 29. Rd7 Nf5 30. Bh3 Bc5 31. Bxf5 Rxf5 32. R7d5 Raf8 33. Rxf5 Rxf5 34.
Rd5 Rxd5 35. cxd5 Kf7 36. Be3 Bxe3 37. fxe3 g5 38. d6 g4 39. dxc7 a5 40. c8=Q 1-0

[Event "Chigorin Memorial 2019"]
[Site "St Petersburg RUS"]
[Date "2019.10.05"]
[Round "1.102"]
[White "De Luna Butz, Alberto"]
[Black "Kavyev, Ruslan"]
[Result "1/2-1/2"]
[WhiteElo "1770"]
[BlackElo "2228"]
[WhiteFideId "2269007"]
[BlackFideId "34110981"]
[EventDate "2019.10.05"]

1. Nf3 Nf6 2. c4 e6 3. g3 d5 4. Bg2 c5 5. e3 Nc6 6. b3 d4 7. exd4 Nxd4 8. Bb2
Nxf3+ 9. Qxf3 Be7 10. O-O O-O 11. Rd1 Qc7 12. Nc3 a6 13. d4 cxd4 14. Rxd4 Rb8
15. Rd2 b5 16. cxb5 Bb7 17. b6 Qxb6 18. Qe2 Bxg2 19. Kxg2 Rbc8 20. Rc1 h6 21.
Kg1 Rfd8 22. Rcd1 Rxd2 23. Rxd2 Qa5 24. Na4 Nd5 25. Rc2 Rxc2 26. Qxc2 Qe1+ 27.
Kg2 Nb4 28. Qc8+ Kh7 29. Qb7 Nd5 30. Qxa6 Qe4+ 31. Kg1 Qb1+ 32. Kg2 Qxa2 33.
Qd3+ Kg8 34. Qc2 Bf6 35. Qc8+ Kh7 36. Bxf6 Nxf6 37. Qc4 Nd5 38. Qd3+ g6 39. h4
h5 40. Qf3 Kg7 41. Nc5 Nf6 42. Qc3 Qa8+ 43. Kh2 Qd5 44. b4 e5 45. Qd3 Ng4+ 46.
Kg1 Qa2 47. Ne4 f5 48. Qd7+ Kg8 49. Qe8+ Kg7 50. Qe7+ Kg8 1/2-1/2

[Event "Chigorin Memorial 2019"]
[Site "St Petersburg RUS"]
[Date "2019.10.05"]
[Round "1.103"]
[White "Tarasov, Ilya"]
[Black "Vorobyova, Ekaterina"]
[Result "1-0"]
[WhiteElo "2227"]
[BlackElo "1748"]
[WhiteFideId "24157945"]
[BlackFideId "34166006"]
[EventDate "2019.10.05"]

1. d4 d5 2. c4 e6 3. Nc3 c5 4. cxd5 exd5 5. dxc5 d4 6. Ne4 Bf5 7. Ng3 Bg6 8. e4
Bxc5 9. Nf3 Nc6 10. a3 a5 11. Bd3 Nf6 12. O-O O-O 13. Nh4 Re8 14. Nxg6 hxg6 15.
f4 Rb8 16. Bd2 b5 17. Rc1 Qb6 18. e5 Nd7 19. e6 Rxe6 20. f5 gxf5 21. Bxf5 Re7
22. Bg5 f6 23. Qh5 Nf8 24. Bxf6 gxf6 25. Ne4 Rxe4 26. Bxe4 Ne5 27. Qh6 d3+ 28.
Kh1 Be3 29. Bd5+ Nf7 30. Qh5 Rb7 31. Rc6 Qd4 32. Rcxf6 Rd7 33. Bxf7+ Kg7 1-0

[Event "Chigorin Memorial 2019"]
[Site "St Petersburg RUS"]
[Date "2019.10.05"]
[Round "1.104"]
[White "Leonova, Ameliya"]
[Black "Nikologorsky, Matfei"]
[Result "0-1"]
[WhiteElo "1748"]
[BlackElo "2220"]
[WhiteFideId "13512730"]
[BlackFideId "24102474"]
[EventDate "2019.10.05"]

1. e4 c5 2. Nf3 e6 3. d4 cxd4 4. Nxd4 a6 5. c4 Nf6 6. Nc3 Qc7 7. Be2 Bb4 8. Qd3
O-O 9. a3 Bxc3+ 10. bxc3 d6 11. O-O Nbd7 12. f3 Ne5 13. Qc2 Nxc4 14. Rb1 e5 15.
Nb3 Be6 16. Bxc4 Bxc4 17. Rd1 h6 18. Be3 b5 19. Nd2 Be6 20. Rdc1 Rfc8 21. a4
Rab8 22. axb5 axb5 23. Rb4 d5 24. Rb2 Qd7 25. Qb1 dxe4 26. fxe4 Ng4 27. Nf1 Bc4
28. Rd1 Qc6 29. Bf2 Rd8 30. Rxd8+ Rxd8 31. Qe1 Bxf1 32. Qxf1 Qxc3 33. Rxb5 Nxf2
34. Kxf2 Rd2+ 35. Kg1 Qd4+ 0-1

[Event "Chigorin Memorial 2019"]
[Site "St Petersburg RUS"]
[Date "2019.10.05"]
[Round "1.105"]
[White "Trifonov, Pavel"]
[Black "Zolotyh, Lev"]
[Result "1-0"]
[WhiteTitle "FM"]
[WhiteElo "2220"]
[BlackElo "1745"]
[WhiteFideId "4194446"]
[BlackFideId "34133353"]
[EventDate "2019.10.05"]

1. d4 d5 2. c4 c6 3. cxd5 cxd5 4. Bf4 Nc6 5. e3 Bf5 6. Nc3 Nf6 7. Qb3 Qb6 8. Bb5
e6 9. Nf3 Be7 10. Ne5 Rc8 11. O-O O-O 12. Bxc6 bxc6 13. Qxb6 axb6 14. Na4 Bd8
15. Rfc1 b5 16. Nc5 Kh8 17. Ncd7 Nxd7 18. Nxd7 Re8 19. Ne5 Bc7 20. Nxf7+ Kg8 21.
Bxc7 Rxc7 22. Ne5 Rec8 23. Rc5 Bg6 24. a3 Be8 25. Rac1 Kf8 26. f4 Ke7 27. Kf2
Kd6 28. Kf3 Rb8 29. Nd3 Bg6 30. Nb4 Be4+ 31. Kf2 Rbc8 32. R5c3 h6 33. g4 g5 34.
Kg3 Bg6 35. h4 gxh4+ 36. Kxh4 Be8 37. Kg3 Rg7 38. Kf3 Bd7 39. Nd3 Rcg8 40. Ne5
Be8 41. Rh1 Rh7 42. Rc2 Rgh8 43. Rch2 h5 44. Kg3 c5 45. dxc5+ Kxc5 46. g5 Rg8
47. Rc1+ Kb6 48. Kh4 b4 49. axb4 Kb5 50. Rc8 Kxb4 51. Rhc2 Rhh8 52. Rb8+ Ka4 53.
Rc3 Bb5 54. Ra3+ Kb4 55. Nd3+ Kc4 56. Rc3# 1-0

[Event "Chigorin Memorial 2019"]
[Site "St Petersburg RUS"]
[Date "2019.10.05"]
[Round "1.106"]
[White "Trushnikov, Viacheslav"]
[Black "Getman, Tatyana"]
[Result "0-1"]
[BlackTitle "WFM"]
[WhiteElo "1723"]
[BlackElo "2211"]
[WhiteFideId "24115185"]
[BlackFideId "34166146"]
[EventDate "2019.10.05"]

1. f4 d5 2. Nf3 c5 3. b3 Nf6 4. Bb2 e6 5. e3 Be7 6. Bb5+ Bd7 7. Bxd7+ Nbxd7 8.
O-O O-O 9. d3 b5 10. Nbd2 Qc8 11. c4 bxc4 12. dxc4 a5 13. Ne5 Nxe5 14. Bxe5 Nd7
15. Bb2 Bf6 16. Bxf6 Nxf6 17. Qf3 Qb7 18. g4 a4 19. g5 Ne4 20. Nxe4 dxe4 21. Qd1
Rfd8 22. Qc2 Rd3 23. bxa4 Rxe3 24. Rab1 Qc6 25. Rb3 Rf3 26. Rfxf3 exf3 27. Qb2
h5 28. gxh6 gxh6 29. Rb8+ Rxb8 30. Qxb8+ Kh7 31. Qf8 Qc7 32. Kf2 Qxf4 33. Qxc5
Qg4 34. Qf8 Qg2+ 35. Ke3 Qe2+ 36. Kd4 e5+ 37. Kd5 Qd3+ 38. Kxe5 Qe3+ 39. Kd5
Qe6+ 40. Kc5 f2 0-1

[Event "Chigorin Memorial 2019"]
[Site "St Petersburg RUS"]
[Date "2019.10.05"]
[Round "1.107"]
[White "Zhang, Lanlin"]
[Black "Ageeva, Vasilisa"]
[Result "1-0"]
[WhiteElo "2203"]
[BlackElo "1742"]
[WhiteFideId "8608032"]
[BlackFideId "24186120"]
[EventDate "2019.10.05"]

1. e4 c5 2. Nf3 e6 3. d4 cxd4 4. Nxd4 Nf6 5. Nc3 Nc6 6. Be2 Bb4 7. O-O Bxc3 8.
bxc3 Nxe4 9. Nxc6 dxc6 10. Bd3 Nf6 11. Ba3 b6 12. Qf3 Qc7 13. c4 Bb7 14. c5 b5
15. Bb2 Qe7 16. Be5 Qxc5 17. Bxf6 gxf6 18. Qxf6 Rg8 19. Bxh7 Qg5 20. Qf3 Rg7 21.
Be4 Rc8 22. Qe2 Ke7 23. a4 Rcg8 24. g3 f5 25. Bg2 f4 26. axb5 fxg3 27. hxg3 Qc5
28. Rfe1 Bc8 29. Qe5 Qb6 30. Qe3 c5 31. c4 Rh7 32. Rad1 Rh5 33. Rd5 Rxd5 34.
Bxd5 Qd6 35. Qh6 Rxg3+ 36. fxg3 Qxg3+ 37. Kf1 Qd3+ 38. Re2 Qd1+ 39. Kf2 Qd4+ 40.
Kg2 Qg4+ 41. Kf2 Qd4+ 42. Qe3 Qh4+ 43. Qg3 Qd4+ 44. Kg2 1-0

[Event "Chigorin Memorial 2019"]
[Site "St Petersburg RUS"]
[Date "2019.10.05"]
[Round "1.108"]
[White "Ananjev, Ilija"]
[Black "Podetti, Davide"]
[Result "1/2-1/2"]
[WhiteElo "1741"]
[BlackElo "2203"]
[WhiteFideId "34166979"]
[BlackFideId "893617"]
[EventDate "2019.10.05"]

1. d4 Nf6 2. c4 e6 3. g3 d5 4. Nf3 dxc4 5. Qa4+ Nbd7 6. Qxc4 a6 7. Qc2 b5 8. Bg2
Bb7 9. O-O Bd6 10. Bg5 O-O 11. Rd1 Qe7 12. e4 e5 13. dxe5 Nxe5 14. Nxe5 Qxe5 15.
Bxf6 Qxf6 16. Nc3 Be5 17. Nd5 Bxd5 18. exd5 Rad8 19. Rd2 Rfe8 20. Rad1 g6 21.
Qc6 Kg7 22. Qxf6+ Kxf6 23. Re2 Re7 24. Rde1 Rde8 25. b3 Bc3 26. Rxe7 Rxe7 27.
Rxe7 Kxe7 28. Kf1 Kd6 29. Ke2 Kc5 30. Kd3 Bg7 31. g4 Kb4 32. Kc2 Bd4 33. f4 Be3
34. f5 g5 35. h3 Bd4 36. Bf3 Ka3 37. Kb1 a5 38. Be2 Kb4 39. Kc2 a4 40. Bf1 Be5
41. Be2 axb3+ 42. axb3 Kc5 43. Bd3 f6 44. Be2 Kxd5 45. Bxb5 Ke4 46. Kd2 Kf3 47.
Be2+ Kg3 48. Ke3 Bf4+ 49. Ke4 Bc1 50. Bc4 Kxh3 51. Kf3 h5 52. Bf1+ Kh4 53. gxh5
g4+ 54. Kg2 Kxh5 55. Bc4 Kg5 56. Be6 1/2-1/2

[Event "Chigorin Memorial 2019"]
[Site "St Petersburg RUS"]
[Date "2019.10.05"]
[Round "1.109"]
[White "Mochalin, Faddey"]
[Black "Shevtsova, Stefania"]
[Result "1-0"]
[WhiteElo "2173"]
[BlackElo "1715"]
[WhiteFideId "34147290"]
[BlackFideId "24218162"]
[EventDate "2019.10.05"]

1. e4 c6 2. d4 d5 3. Nc3 dxe4 4. Nxe4 Bf5 5. Ng3 Bg6 6. h4 h6 7. Nf3 Nd7 8. h5
Bh7 9. Bd3 Bxd3 10. Qxd3 e6 11. Bd2 Ngf6 12. O-O-O Be7 13. Ne4 Nxe4 14. Qxe4 Nf6
15. Qe2 Qd5 16. c4 Qe4 17. Qxe4 Nxe4 18. Be3 O-O 19. Kc2 Rac8 20. Ne5 Rfd8 21.
g4 b5 22. f3 Nd6 23. c5 Ne8 24. f4 Rd5 25. b4 Bf6 26. Nf3 Be7 27. g5 hxg5 28.
fxg5 f6 29. h6 gxh6 30. Rxh6 Bf8 31. Rh3 Rc7 32. Bf4 Rg7 33. Rdh1 Rf5 34. gxf6
Nxf6 35. Rh8+ Kf7 36. Ne5+ Ke8 37. Rxf8+ Kxf8 38. Bh6 Rf2+ 39. Kb3 Ng8 40. Bxg7+
Kxg7 41. Rg1+ Kf8 42. Nxc6 Rf3+ 43. Kb2 Rf2+ 44. Ka1 a6 45. Rc1 Ke8 46. Nb8 Ne7
47. Nxa6 Kd8 48. a4 Nc6 49. axb5 Nxd4 50. Rd1 e5 51. b6 Kc8 52. Rxd4 exd4 53. c6
Rf7 54. Kb2 Rf2+ 55. Kb3 Rf3+ 56. Kc4 Rc3+ 57. Kb5 Kd8 58. b7 d3 59. b8=Q+ 1-0

[Event "Chigorin Memorial 2019"]
[Site "St Petersburg RUS"]
[Date "2019.10.05"]
[Round "1.110"]
[White "Svergina, Sofya"]
[Black "Aleksandrov, Danila"]
[Result "0-1"]
[WhiteTitle "WCM"]
[WhiteElo "1738"]
[BlackElo "2196"]
[WhiteFideId "24276120"]
[BlackFideId "4133650"]
[EventDate "2019.10.05"]

1. e4 c5 2. Nf3 Nc6 3. d4 cxd4 4. Nxd4 e5 5. Nb5 d6 6. c4 Be6 7. N1c3 a6 8. Na3
Rc8 9. Nc2 Na5 10. Ne3 Nxc4 11. Bxc4 Bxc4 12. Qa4+ Qd7 13. Qxd7+ Kxd7 14. Na4
Kd8 15. Nb6 Bd3 16. Nxc8 Kxc8 17. f3 Ne7 18. a4 f5 19. exf5 d5 20. g4 d4 21. Nd1
Nd5 22. Nf2 Nb4 23. Nxd3 Nc2+ 24. Kd2 Nxa1 25. Nxe5 Be7 26. h4 Rd8 27. Kd3 Nb3
28. Bf4 Nc5+ 29. Kd2 Rd5 30. Nc4 Bd8 31. Be5 b5 32. axb5 axb5 33. Nd6+ Kd7 34.
Bh2 Ba5+ 35. Ke2 d3+ 36. Kd1 Rxd6 37. Bxd6 Kxd6 38. h5 Na4 39. Kc1 Ke5 40. Rd1
Nc5 41. Kb1 h6 42. Ka2 Bb4 43. b3 Bc3 44. b4 Bxb4 45. Kb2 Kd4 46. g5 Bc3+ 47.
Ka2 hxg5 48. f6 gxf6 49. h6 f5 50. h7 Ke3 51. Rc1 Bd4 52. Rxc5 d2 0-1

[Event "Chigorin Memorial 2019"]
[Site "St Petersburg RUS"]
[Date "2019.10.05"]
[Round "1.111"]
[White "Kazmin, Semen"]
[Black "Snegovsky-Orlov, Alexandr"]
[Result "1-0"]
[WhiteElo "2190"]
[BlackElo "1731"]
[WhiteFideId "34171409"]
[BlackFideId "4131487"]
[EventDate "2019.10.05"]

1. d4 Nf6 2. Bf4 g6 3. Nf3 Bg7 4. e3 O-O 5. Be2 d6 6. h3 c5 7. c3 cxd4 8. exd4
Bd7 9. O-O Na6 10. Nbd2 Nc7 11. Re1 Bc6 12. Bh2 b5 13. Bd3 Ncd5 14. Ne4 Qd7 15.
Nxf6+ Bxf6 16. Nd2 a5 17. Be4 Bg7 18. Qe2 Ra7 19. Bf3 Nf6 20. Qxe7 Qxe7 21. Rxe7
Rxe7 22. Bxc6 Re2 23. Bf4 d5 24. Bxb5 Re6 25. a4 Rc8 26. Nb3 Ra8 27. Bc7 Ne4 28.
Bxa5 Nd6 29. Bc6 Rb8 30. Nc5 Re2 31. Bc7 Rc8 32. Na6 Rxb2 33. Bxd5 Ne8 34. Ba5
Nf6 35. Bf3 Re8 36. Nc5 Reb8 37. Bb4 Bf8 38. a5 Bxc5 39. dxc5 Nd7 40. a6 1-0

[Event "Chigorin Memorial 2019"]
[Site "St Petersburg RUS"]
[Date "2019.10.05"]
[Round "1.112"]
[White "Chagina, Ulyana"]
[Black "Artamonov, Valery"]
[Result "0-1"]
[WhiteElo "1605"]
[BlackElo "2169"]
[WhiteFideId "44158785"]
[BlackFideId "24100480"]
[EventDate "2019.10.05"]

1. d4 Nf6 2. Nf3 c5 3. d5 b5 4. Bg5 d6 5. Bxf6 exf6 6. e4 a6 7. a4 b4 8. a5 g6
9. Bc4 Bg7 10. Qe2 O-O 11. O-O Ra7 12. c3 f5 13. Nfd2 Re8 14. f3 fxe4 15. fxe4
f5 16. Bd3 Rae7 17. Qf3 fxe4 18. Bxe4 Nd7 19. Bc2 Ne5 20. Qd1 Bg4 21. Qc1 Be2
22. Ne4 b3 23. Bxb3 Nd3 0-1

[Event "Chigorin Memorial 2019"]
[Site "St Petersburg RUS"]
[Date "2019.10.05"]
[Round "1.113"]
[White "Odegov, Artem"]
[Black "Lekhtonen, Yaroslav"]
[Result "1-0"]
[WhiteElo "2183"]
[BlackElo "1716"]
[WhiteFideId "34183644"]
[BlackFideId "24269484"]
[EventDate "2019.10.05"]

1. d4 d5 2. c4 e6 3. Nf3 c6 4. Bg5 Be7 5. Bxe7 Qxe7 6. Qc2 Nf6 7. Nbd2 O-O 8. g3
b6 9. Bg2 Bb7 10. O-O Na6 11. Rac1 c5 12. cxd5 exd5 13. Rfe1 Rac8 14. Qf5 Ne4
15. Nxe4 dxe4 16. Ng5 g6 17. Qe5 Qxe5 18. dxe5 Rfe8 19. Nxe4 Bxe4 20. Bxe4 Nb4
21. f4 Nxa2 22. Ra1 Nb4 23. Rxa7 f6 24. Rd1 fxe5 25. Rdd7 Re6 26. Rg7+ Kh8 27.
Rxh7+ Kg8 28. f5 gxf5 29. Bxf5 Rce8 30. Bxe6+ Rxe6 31. Rhb7 Re8 32. Rxb6 e4 33.
Rc7 Nd5 34. Rg6+ Kf8 35. Rxc5 Rd8 36. Re6 e3 37. Rxd5 Rxd5 38. Rxe3 1-0

[Event "Chigorin Memorial 2019"]
[Site "St Petersburg RUS"]
[Date "2019.10.05"]
[Round "1.114"]
[White "Lysenko, Olesya"]
[Black "Indzhiev, Aldar"]
[Result "0-1"]
[WhiteElo "1706"]
[BlackElo "2180"]
[WhiteFideId "34106100"]
[BlackFideId "34121703"]
[EventDate "2019.10.05"]

1. e4 c5 2. Nf3 Nc6 3. Bb5 g6 4. b4 Bg7 5. c3 cxb4 6. O-O a6 7. Bxc6 dxc6 8. d4
Bg4 9. Be3 c5 10. e5 bxc3 11. Nxc3 cxd4 12. Bxd4 Nh6 13. Ne4 Bxf3 14. gxf3 O-O
15. Rb1 b5 16. f4 Qd5 17. f3 Rfd8 18. Bc5 Qxa2 19. Qe1 Nf5 20. Ng3 Qd5 21. Rc1
Nxg3 22. Qxg3 Qe6 23. Qh4 Rd7 24. Rfd1 Bf8 0-1

[Event "Chigorin Memorial 2019"]
[Site "St Petersburg RUS"]
[Date "2019.10.05"]
[Round "1.115"]
[White "Strybuk, Artsiom I"]
[Black "Soloviev, Mikhail"]
[Result "1/2-1/2"]
[WhiteTitle "FM"]
[WhiteElo "2179"]
[BlackElo "1704"]
[WhiteFideId "13515659"]
[BlackFideId "54106001"]
[EventDate "2019.10.05"]

1. d4 Nf6 2. c4 e6 3. g3 Bb4+ 4. Bd2 Qe7 5. Bg2 O-O 6. Nf3 d5 7. O-O Bxd2 8.
Nbxd2 Nbd7 9. Qc2 c5 10. cxd5 exd5 11. dxc5 Nxc5 12. Rac1 b6 13. Nb3 Nxb3 14.
Qxb3 Ba6 15. Nd4 Bc4 16. Qa4 a5 17. Rxc4 dxc4 18. Bxa8 Rxa8 19. Qxc4 h6 20. Rc1
Re8 21. Qb5 Ng4 22. Rc7 Qe4 23. Qc6 Nxf2 24. Qxe4 Nxe4 25. Rb7 Rd8 26. e3 Rd6
27. a3 Nc5 28. Rb8+ Kh7 29. b4 axb4 30. axb4 Na6 31. Rb7 Nxb4 32. Rxf7 Kg6 33.
Rxg7+ Kxg7 34. Nf5+ Kf6 35. Nxd6 Nd5 36. Kf2 Ke6 37. Nb5 Ke5 38. Kf3 Nf6 39. g4
Ne4 40. h4 Nd2+ 41. Ke2 Ne4 42. Nd4 Nd6 43. Kd3 Ne4 44. Nc6+ Kd5 45. Ne7+ Ke5
46. Ng6+ Kd5 47. Nf4+ Ke5 48. Ng6+ Kd5 49. Ne7+ Ke5 50. Ke2 Nd6 51. Ng8 Nf7 52.
Kd3 Kd5 53. Nf6+ Ke6 54. Ng8 Ne5+ 1/2-1/2

[Event "Chigorin Memorial 2019"]
[Site "St Petersburg RUS"]
[Date "2019.10.05"]
[Round "1.116"]
[White "Andreeva, Anastasiia"]
[Black "Zhukov, Anton"]
[Result "0-1"]
[WhiteElo "1691"]
[BlackElo "2178"]
[WhiteFideId "44131542"]
[BlackFideId "34187534"]
[EventDate "2019.10.05"]

1. c4 Nf6 2. Nc3 g6 3. g3 Bg7 4. Bg2 O-O 5. d4 d6 6. e3 Nbd7 7. Nge2 e5 8. O-O
c6 9. b3 Re8 10. Qc2 Nf8 11. d5 c5 12. Bb2 a6 13. a4 b6 14. Rae1 Nh5 15. e4 f5
16. f3 Bh6 17. Bc1 f4 18. g4 Ng7 19. Rd1 Bg5 20. Bd2 h5 21. h3 Nh7 22. Nc1 Bh4
23. Be1 hxg4 24. hxg4 Bg3 25. Bxg3 fxg3 26. Bh3 Qh4 27. Kg2 Ng5 28. Rh1 Nh5 29.
N3e2 Ra7 30. Qd2 Rh7 31. Qe1 Nf4+ 32. Nxf4 exf4 33. Ne2 Nxh3 34. Ng1 Bxg4 35.
fxg4 f3+ 36. Nxf3 Nf4+ 0-1

[Event "Chigorin Memorial 2019"]
[Site "St Petersburg RUS"]
[Date "2019.10.05"]
[Round "1.117"]
[White "Perov, German"]
[Black "Vorontsov, Dmitry"]
[Result "1-0"]
[WhiteElo "2177"]
[BlackElo "1683"]
[WhiteFideId "44111410"]
[BlackFideId "24156892"]
[EventDate "2019.10.05"]

1. e4 c5 2. Nf3 Nc6 3. Bb5 g6 4. Bxc6 dxc6 5. d3 Bg7 6. h3 Qc7 7. O-O e5 8. Be3
b6 9. Nbd2 Nf6 10. Nc4 Nd7 11. Qd2 O-O 12. Bh6 b5 13. Bxg7 Kxg7 14. Ne3 f5 15.
exf5 gxf5 16. Rae1 Kh8 17. Nh4 Nb6 18. f4 Qe7 19. Nf3 e4 20. Ne5 Qf6 21. b3 Nd5
22. Nxd5 cxd5 23. dxe4 d4 24. b4 fxe4 25. bxc5 Bf5 26. Qxd4 Rad8 27. Qc3 b4 28.
Qxb4 Bxh3 29. gxh3 Qh4 30. Qc3 Rd3 31. Ng6+ Kg8 32. Qh8+ Kf7 33. Nxh4 1-0